zpět

Detail výsledku týmu

U Lucerny ST, Brno

Datum a čas kvízu

18.5 Celkem bodů Celkový počet nahraných bodů na tomto kvízu bez doplňovacích otázek.
14. Pořadí na kvízu Konečné umístění týmu na tomto kvízu.

Zaznamenané odpovědi

# Otázka Odpověď Body Výsledky
1. Tým CNN Prima News bude posíle... Markéta Fialová 0
2. Česká komisařka Věra Jourová s... hodnoty a transparentnost 0
3. Kanadská spisovatelka Margaret... Příběh služebnice 0
4. Provozovatel hongkongské akcio... Londýn 1
5. Brněnský sport se v sobotu ve... fotbalové derby 1
6. Když už jsme tu měli minulý tý... serotonin 1
7. Syn boha války Area a bohyně l... Erós 0
8. Příponu -filie mají různá slov... Viktorie 1
9. Láska je samozřejmě nevyčerpat... 1C 2D 3A 4B 1
10. Jak se jmenuje herečka, která... Gwyneth Paltrow 0